000 00729nam a2200241Ia 4500
003 OSt
005 20230623143648.0
008 210423s2012 xx 000 0 und d
020 _a978-0-19-567398-2
040 _cAL
041 _aeng
082 _a547.05 BOCO
100 _aBOCHMANN (Manfred)
_9110401
245 _aOrganometallics 1: complexes witth transition metal carbon bonds
260 _aNew Delhi
_bOxford University Press
_c2012
300 _a92
_bPB
365 _b145
_cINR
440 _aOxford chemistry primers
_9110402
650 _aChemistry
_9110403
650 _aOrganic Chemistry
_9110404
906 _a1: ; bonds ; carbon ; complexes ; metal ; Organometallics ; transition ; witth
942 _2ddc
_cBK
999 _c167844
_d167844